Statistics for Countries by Active Dictator

Click here to take the quiz!

General Stats

  • This quiz has been taken 37 times
  • The average score is 10 of 15

Answer Stats

DictatorCountry% Correct
Vladimir PutinRussia
100%
Nicolás MaduroVenezuela
94%
Nguyễn Phú TrọngVietnam
88%
Ali KhameneiIran
82%
Daniel OrtegaNicaragua
82%
Mswati IIIEswatini
74%
Gurbanguly BerdimuhammedowTurkmenistan
74%
Sultan Haji WaddaulahBrunei
71%
João LourençoAngola
62%
Ashraf Ghani AhmadzaiAfghanistan
59%
Idriss DebyChad
59%
Kassym-Jomart TokayevKazakhstan
53%
Teodoro MbasogoEquatorial Guinea
50%
Mohamed Abdullahi MohamedSomalia
50%
Ismaïl Omar GuellehDjibouti
32%

Score Distribution

Percentile by Number Answered

Percent of People with Each Score

Your Score History

You have not taken this quiz